Southville International School and Colleges
Your cart is empty.
  • Cart
  • Lists
    Public lists Eva Luna New books Lux_list list_1
    Your lists Log in to create your own lists
  • Log in to your account
  • Your cookies
  • Search history
Southville International School and Colleges
  • Advanced search
  • Recent comments
  • Most popular
  • Libraries

Log in to your account

Log in with GOOGLE


If you do not have an external account, but do have a local account, you can still log in:

  1. Home
  2. MARC view: Information systems in business /
Normal view MARC view ISBD view

Information systems in business / (Record no. 14692)

[ view plain ]
MARC details
000 -LEADER
fixed length control field 00670nam a2200205 a 4500
003 - CONTROL NUMBER IDENTIFIER
control field PILC
005 - DATE AND TIME OF LATEST TRANSACTION
control field 20150112093440.0
008 - FIXED-LENGTH DATA ELEMENTS--GENERAL INFORMATION
fixed length control field 100723s19uu xx 00 eng d
020 ## - INTERNATIONAL STANDARD BOOK NUMBER
International Standard Book Number 1861520530
050 ## - LIBRARY OF CONGRESS CALL NUMBER
Classification number HF 5548.2
Item number .R598 1998
082 ## - DEWEY DECIMAL CLASSIFICATION NUMBER
Classification number MnSF 658.4038011
Item number R51 1998
100 ## - MAIN ENTRY--PERSONAL NAME
Personal name Ritchie, Bob
9 (RLIN) 17711
245 ## - TITLE STATEMENT
Title Information systems in business /
Statement of responsibility, etc Bob Ritchie ... [et.al] ;
260 ## - PUBLICATION, DISTRIBUTION, ETC. (IMPRINT)
Place of publication, distribution, etc High Holborn, London :
Name of publisher, distributor, etc International Thomson Business Press,
Date of publication, distribution, etc 1998.
300 ## - PHYSICAL DESCRIPTION
Extent 595 pages :
Dimensions 19 cm.
650 ## - SUBJECT ADDED ENTRY--TOPICAL TERM
Topical term or geographic name as entry element Business Firms. Management - Information systems
9 (RLIN) 17712
700 ## - ADDED ENTRY--PERSONAL NAME
Personal name Marshall, David
9 (RLIN) 17713
700 ## - ADDED ENTRY--PERSONAL NAME
Personal name Eardley, Alan
9 (RLIN) 17714
942 ## - ADDED ENTRY ELEMENTS (KOHA)
Source of classification or shelving scheme Library of Congress Classification
Koha item type Books
Holdings
Withdrawn status Lost status Source of classification or shelving scheme Damaged status Home library Current library Shelving location Date acquired Total Checkouts Full call number Barcode Date last seen Copy number Price effective from Koha item type
    Library of Congress Classification   Southville International School Affiliated with Foreign Universities Library Southville International School Affiliated with Foreign Universities Library Southville Foreign University Section 09/10/2013   HF 5548.2 .R598 1998 SFU1138 05/15/2018 1 09/10/2013 Books

Information systems in business /

APA

Ritchie B., Marshall D. & Eardley A. (1998). Information systems in business. High Holborn, London: International Thomson Business Press.

Chicago

Ritchie Bob, Marshall David and Eardley Alan. 1998. Information systems in business. High Holborn, London: International Thomson Business Press.

Harvard

Ritchie B., Marshall D. and Eardley A. (1998). Information systems in business. High Holborn, London: International Thomson Business Press.

MLA

Ritchie Bob, Marshall David and Eardley Alan. Information systems in business. High Holborn, London: International Thomson Business Press. 1998.

  • Place hold
  • Print
  • Cite
  • Add to your cart (remove)
  • Save record
    BIBTEX Dublin Core MARCXML MARC (non-Unicode/MARC-8) MARC (Unicode/UTF-8) MARC (Unicode/UTF-8, Standard) MODS (XML) RIS
  • More searches
    Search for this title in:
    Other Libraries (WorldCat) Other Databases (Google Scholar) Online Stores (Bookfinder.com) Open Library (openlibrary.org)

Exporting to Dublin Core...

SOUTHVILLE LIBRARY

Southville International School and Colleges Library

1281 Tropical Ave. Cor. Luxembourg St., BF Homes International, Las Pinas City

Tel. No. 8256374 / 252358 Loc. 117/146

Powered by Koha